000 00353nam a22001457a 4500
003 SGT
020 _a978-93-86554-17-8
082 _a615
_bC17A
100 _aANGADI,RAVINDRA
245 _aCLASSICAL COMPENDIUM OF AYURVEDIC PHARMACEUTICAL SCIENCE
260 _aVARANASI
_bCHAUKHAMBA PUB
_c2017
300 _a615
650 _aAYURVEDA
942 _2ddc
_cBK
999 _c16596
_d16596